[Event "Monarch Assurance Isle of Man 11th"]
[Site "Port Erin IOM"]
[Date "2002.10.05"]
[Round "8.15"]
[White "Brady, Stephen"]
[Black "Ulibin, Mikhail"]
[Result "0-1"]
[WhiteElo "2353"]
[BlackElo "2589"]
[PlyCount "84"]
[EventDate "2002.09.28"]
[EventType "swiss"]
[EventRounds "9"]
[EventCountry "IOM"]
[SourceTitle "BritBase"]
[SourceDate "2008.07.14"]
[SourceVersion "1"]
[SourceVersionDate "2008.07.14"]
[SourceQuality "2"]

1. e4 e6 2. d4 d5 3. Nd2 Nf6 4. e5 Nfd7 5. c3 c5 6. Bd3 Nc6 7. Ne2 cxd4 8. cxd4
f6 9. exf6 Nxf6 10. Nf3 Bd6 11. O-O Qc7 12. Bg5 O-O 13. Rc1 h6 14. Bh4 Nh5 15.
Bb1 g5 16. Bg3 Nxg3 17. Nxg3 Qf7 18. Qd3 Bd7 19. a3 Rae8 20. Rcd1 Re7 21. Rd2
Be8 22. Re1 Qg7 23. Rde2 g4 24. Ne5 Nxe5 25. dxe5 Bc5 26. Rc1 Bb6 27. Rc8 Qg5
28. Nf1 h5 29. h3 Rg7 30. Qg3 Rgf7 31. hxg4 Rxf2 32. Rxf2 Bxf2+ 33. Qxf2 Rxf2
34. Kxf2 Kf7 35. gxh5 Qf4+ 36. Kg1 Bb5 37. Bg6+ Kg7 38. Rc7+ Kh6 39. Rf7 Qxe5
40. Rf3 Be2 41. Rf2 d4 42. Nh2 Qe3 0-1

[Event "Monarch Assurance Isle of Man 11th"]
[Site "Port Erin IOM"]
[Date "2002.10.05"]
[Round "8.16"]
[White "Lutton, J Ezra"]
[Black "Palliser, Richard"]
[Result "0-1"]
[WhiteElo "2113"]
[BlackElo "2441"]
[PlyCount "64"]
[EventDate "2002.09.28"]
[EventType "swiss"]
[EventRounds "9"]
[EventCountry "IOM"]
[SourceTitle "BritBase"]
[SourceDate "2008.07.14"]
[SourceVersion "1"]
[SourceVersionDate "2008.07.14"]
[SourceQuality "2"]

1. Nc3 d5 2. e4 dxe4 3. d3 exd3 4. Bxd3 Nf6 5. Bg5 e6 6. Qe2 Bb4 7. Nf3 h6 8.
Bh4 Nbd7 9. O-O c6 10. Ne4 Be7 11. Bxf6 gxf6 12. Rad1 Qc7 13. c4 b6 14. Nd4 f5
15. Ng3 Kf8 16. Rfe1 Nf6 17. Qf3 Bd7 18. Nh5 Nxh5 19. Qxh5 Bf6 20. Bc2 c5 21.
Nb5 Bxb5 22. cxb5 Bxb2 23. Qh4 Bd4 24. Rd3 Qe7 25. Qg3 Rd8 26. Ra3 Qd7 27. Qb3
Rg8 28. Bd1 e5 29. Bf3 e4 30. Be2 f4 31. Bf1 Bxf2+ 32. Kxf2 Qd4+ 0-1

[Event "Monarch Assurance Isle of Man 11th"]
[Site "Port Erin IOM"]
[Date "2002.10.05"]
[Round "8.18"]
[White "Marchand, Francois"]
[Black "Van Kemenade, Rudy"]
[Result "1/2-1/2"]
[WhiteElo "2237"]
[BlackElo "2141"]
[PlyCount "40"]
[EventDate "2002.09.28"]
[EventType "swiss"]
[EventRounds "9"]
[EventCountry "IOM"]
[SourceTitle "BritBase"]
[SourceDate "2008.07.14"]
[SourceVersion "1"]
[SourceVersionDate "2008.07.14"]
[SourceQuality "2"]

1. d4 f5 2. Nc3 d5 3. Bg5 Nf6 4. f3 c5 5. e4 dxe4 6. d5 Qb6 7. Qd2 g6 8. O-O-O
Nbd7 9. fxe4 fxe4 10. Nge2 Bg7 11. Ng3 Ne5 12. h3 Bd7 13. Bh6 Bxh6 14. Qxh6
O-O-O 15. Ngxe4 Bf5 16. Qf4 Nf7 17. g4 Bxe4 18. Nxe4 Qb4 19. Bg2 Nxe4 20. Qxe4
Qxe4 1/2-1/2

[Event "Monarch Assurance Isle of Man 11th"]
[Site "Port Erin IOM"]
[Date "2002.10.05"]
[Round "8.19"]
[White "Goodger, Martyn"]
[Black "Hinks-Edwards, Thomas"]
[Result "0-1"]
[WhiteElo "2133"]
[BlackElo "2363"]
[PlyCount "42"]
[EventDate "2002.09.28"]
[EventType "swiss"]
[EventRounds "9"]
[EventCountry "IOM"]
[SourceTitle "BritBase"]
[SourceDate "2008.07.14"]
[SourceVersion "1"]
[SourceVersionDate "2008.07.14"]
[SourceQuality "2"]

1. e4 g6 2. d4 Bg7 3. Nc3 c6 4. Bc4 d6 5. Qf3 e6 6. Nge2 Nd7 7. a4 Ngf6 8. Bg5
O-O 9. h4 e5 10. h5 exd4 11. Nxd4 Ne5 12. Qe2 h6 13. Bh4 g5 14. Bg3 Nxc4 15.
Qxc4 Nxe4 16. Nxe4 d5 17. Qc5 dxe4 18. O-O-O Qb6 19. Qc4 Bg4 20. Bd6 Bxd1 21.
Bc5 Be2 0-1

[Event "Monarch Assurance Isle of Man 11th"]
[Site "Port Erin IOM"]
[Date "2002.10.05"]
[Round "8.20"]
[White "Cooper, Lawrence"]
[Black "Spanton, Tim"]
[Result "1-0"]
[WhiteElo "2349"]
[BlackElo "2008"]
[PlyCount "51"]
[EventDate "2002.09.28"]
[EventType "swiss"]
[EventRounds "9"]
[EventCountry "IOM"]
[SourceTitle "BritBase"]
[SourceDate "2008.07.14"]
[SourceVersion "1"]
[SourceVersionDate "2008.07.14"]
[SourceQuality "2"]

1. e4 c5 2. Nf3 g6 3. c4 Nc6 4. d4 cxd4 5. Nxd4 Bg7 6. Be3 Nf6 7. Nc3 Ng4 8.
Qxg4 Nxd4 9. Qd1 e5 10. Bd3 O-O 11. O-O f5 12. exf5 gxf5 13. f4 d6 14. Qd2 Be6
15. Rad1 Rc8 16. b3 Qa5 17. Ne2 Qb6 18. fxe5 dxe5 19. Bxd4 exd4 20. Ng3 Rc5 21.
Nh5 Qc7 22. Bb1 Be5 23. Qg5+ Kh8 24. Qh6 Qf7 25. Nf4 Bd7 26. Ng6+ 1-0

[Event "Monarch Assurance Isle of Man 11th"]
[Site "Port Erin IOM"]
[Date "2002.10.05"]
[Round "8.21"]
[White "Daly, Colm"]
[Black "Cafolla, Peter"]
[Result "1-0"]
[WhiteElo "2338"]
[BlackElo "2109"]
[PlyCount "83"]
[EventDate "2002.09.28"]
[EventType "swiss"]
[EventRounds "9"]
[EventCountry "IOM"]
[SourceTitle "BritBase"]
[SourceDate "2008.07.14"]
[SourceVersion "1"]
[SourceVersionDate "2008.07.14"]
[SourceQuality "2"]

1. d4 Nf6 2. c4 g6 3. Nc3 Bg7 4. e4 d6 5. Nf3 O-O 6. Be2 c5 7. d5 a6 8. a4 a5
9. h3 Na6 10. Bf4 Ne8 11. O-O e5 12. dxe6 fxe6 13. Qd2 Nb4 14. Rad1 Qf6 15.
Bxd6 Nxd6 16. e5 Nxc4 17. Bxc4 Qf5 18. Qd6 b5 19. axb5 Re8 20. Qc7 Qf4 21. b3
Bf8 22. b6 Re7 23. Qxc5 Re8 24. Qd4 Qxd4 25. Nxd4 Rb8 26. Ne4 Kg7 27. Bb5 Re7
28. Nd6 Bb7 29. Ra1 Nd5 30. Rxa5 Nxb6 31. Ra7 Bd5 32. Rfa1 Ra8 33. Rxa8 Nxa8
34. Bc4 Nc7 35. Ra7 Kh6 36. h4 Kh5 37. g3 Kg4 38. Be2+ Kh3 39. Bf1+ Kg4 40. Ne2
Bxb3 41. Nf4 Bd1 42. Bh3+ 1-0

[Event "Monarch Assurance Isle of Man 11th"]
[Site "Port Erin IOM"]
[Date "2002.10.05"]
[Round "8.22"]
[White "Burrows, Martin"]
[Black "Hanley, Craig A"]
[Result "0-1"]
[WhiteElo "2196"]
[BlackElo "2331"]
[PlyCount "84"]
[EventDate "2002.09.28"]
[EventType "swiss"]
[EventRounds "9"]
[EventCountry "IOM"]
[SourceTitle "BritBase"]
[SourceDate "2008.07.14"]
[SourceVersion "1"]
[SourceVersionDate "2008.07.14"]
[SourceQuality "2"]

1. e4 e6 2. d4 d5 3. Nc3 Nf6 4. e5 Nfd7 5. f4 c5 6. Nf3 Nc6 7. Be3 a6 8. Qd2 b5
9. dxc5 Bxc5 10. Bxc5 Nxc5 11. Qf2 Qb6 12. Bd3 b4 13. Ne2 a5 14. O-O Ba6 15.
Rac1 Ne7 16. Kh1 h6 17. Ng3 g6 18. h4 h5 19. Ng5 Rb8 20. Bxa6 Nxa6 21. Qf3 Kf8
22. c4 bxc3 23. bxc3 Kg7 24. c4 Nc7 25. Rfd1 Qb2 26. cxd5 Ncxd5 27. Rb1 Qxb1
28. Rxb1 Rxb1+ 29. Kh2 Rb4 30. N3e4 Nf5 31. Qf2 Nde3 32. Qe2 Rb1 33. Ng3 Ng4+
34. Kh3 Rc8 35. Nxf5+ gxf5 36. Qd2 Rbc1 37. Qxa5 R8c3+ 38. Nf3 Nf2+ 39. Kg3
Ne4+ 40. Kh2 Rd3 41. Qa4 Rdd1 42. g3 Rf1 0-1

[Event "Monarch Assurance Isle of Man 11th"]
[Site "Port Erin IOM"]
[Date "2002.10.05"]
[Round "8.23"]
[White "Gordon, Stephen J"]
[Black "Hutchinson, Norman A"]
[Result "1-0"]
[WhiteElo "2159"]
[BlackElo "2175"]
[PlyCount "81"]
[EventDate "2002.09.28"]
[EventType "swiss"]
[EventRounds "9"]
[EventCountry "IOM"]
[SourceTitle "BritBase"]
[SourceDate "2008.07.14"]
[SourceVersion "1"]
[SourceVersionDate "2008.07.14"]
[SourceQuality "2"]

1. d4 Nf6 2. c4 e6 3. Nc3 Bb4 4. e3 c5 5. Bd3 O-O 6. Nge2 d5 7. a3 cxd4 8. exd4
dxc4 9. Bxc4 Be7 10. O-O Nbd7 11. Nf4 Nb6 12. Ba2 Bd6 13. Nd3 Nbd5 14. Nxd5
Nxd5 15. Bxd5 exd5 16. Bf4 b6 17. Re1 Bb7 {(=)} 18. Rc1 Bxf4 19. Nxf4 Qd6 20.
g3 Qd7 21. Rc3 Rfe8 22. Rce3 Rxe3 23. Rxe3 Re8 24. Qe2 Rxe3 25. Qxe3 Kf8 26.
Qe5 f6 27. Qb8+ Kf7 28. Qxa7 Qc6 29. h4 g5 30. hxg5 fxg5 31. Nd3 Kg7 32. Kg2
Qc7 33. Qa4 Kf6 34. Ne5 Bc8 35. Qb3 g4 36. Qe3 Qg7 37. Nc6 Qd7 38. Qh6+ Kf5 39.
Ne5 Qe7 40. Qf4+ Ke6 41. Qxg4+ 1-0

[Event "Monarch Assurance Isle of Man 11th"]
[Site "Port Erin IOM"]
[Date "2002.10.05"]
[Round "8.24"]
[White "Ellison, D George"]
[Black "Blackburn, Jonathan LB"]
[Result "0-1"]
[WhiteElo "2116"]
[BlackElo "2158"]
[PlyCount "98"]
[EventDate "2002.09.28"]
[EventType "swiss"]
[EventRounds "9"]
[EventCountry "IOM"]
[SourceTitle "BritBase"]
[SourceDate "2008.07.14"]
[SourceVersion "1"]
[SourceVersionDate "2008.07.14"]
[SourceQuality "2"]

1. c4 b6 2. e4 Bb7 3. Nc3 e6 4. d4 Bb4 5. Qg4 Nf6 6. Qxg7 Rg8 7. Qh6 Rg6 8. Qh3
Nxe4 9. Nge2 Nc6 10. Be3 Qf6 11. Rd1 O-O-O 12. a3 Bxc3+ 13. Nxc3 Nxc3 14. bxc3
Na5 15. f3 Ba6 16. Bd3 Rg7 17. Bf2 Rdg8 18. Bg3 Bxc4 19. O-O Bxd3 20. Rxd3 Nc4
21. Qh5 Qg6 22. Qxg6 Rxg6 23. Rf2 c6 24. Bf4 a5 25. Bc1 f5 26. Rd1 d6 27. Ra2
a4 28. Re1 Kd7 29. Bf4 Ra8 30. Kf2 Ra5 31. Rb1 Rd5 32. g3 b5 33. Ke2 e5 34.
dxe5 dxe5 35. Be3 Rgd6 36. Rc1 Rd3 37. Bd4 e4 38. fxe4 fxe4 39. Rf1 {(=)} Rh6
40. Rf2 Rh5 41. Ra1 c5 42. Bg7 Rd2+ 43. Ke1 Rxh2 44. Rxh2 Rxh2 45. Rd1+ Ke6 46.
Rd8 Nxa3 47. Bf8 Nc2+ 48. Kd1 a3 49. Ra8 a2 0-1

[Event "Monarch Assurance Isle of Man 11th"]
[Site "Port Erin IOM"]
[Date "2002.10.05"]
[Round "8.25"]
[White "Dougherty, Michael"]
[Black "Vuilleumier, Alex"]
[Result "1-0"]
[WhiteElo "2320"]
[BlackElo "2169"]
[PlyCount "81"]
[EventDate "2002.09.28"]
[EventType "swiss"]
[EventRounds "9"]
[EventCountry "IOM"]
[SourceTitle "BritBase"]
[SourceDate "2008.07.14"]
[SourceVersion "1"]
[SourceVersionDate "2008.07.14"]
[SourceQuality "2"]

1. d4 Nf6 2. c4 c5 3. d5 e6 4. Nc3 exd5 5. cxd5 d6 6. e4 g6 7. Nf3 Bg7 8. Bg5
h6 9. Bh4 g5 10. Bg3 Nh5 11. Bb5+ Bd7 12. Bxd7+ Qxd7 13. Ne5 Qe7 14. Qxh5 Bxe5
15. Bxe5 Qxe5 16. h4 Rg8 17. O-O-O Nd7 18. g3 Nf6 19. Qf3 g4 20. Qf4 Qxf4+ 21.
gxf4 O-O-O 22. e5 Nd7 23. e6 Nf6 24. f5 a6 25. a4 Rdf8 26. Rhe1 h5 27. Re3 Rh8
28. a5 Rh6 29. Rde1 Rh7 30. Kc2 Kc7 31. Kd3 fxe6 32. fxe6 Ne8 33. Ne4 Rf5 34.
Kc4 Re7 35. b4 cxb4 36. Rb3 Nf6 37. Rxb4 Nxd5 38. Rxb7+ Kd8 39. Nxd6 Rxb7 40.
Nxf5 Ne7 41. Rd1+ 1-0

[Event "Monarch Assurance Isle of Man 11th"]
[Site "Port Erin IOM"]
[Date "2002.10.05"]
[Round "8.26"]
[White "Harborne, Matthew"]
[Black "Grant, Alan"]
[Result "0-1"]
[WhiteElo "2075"]
[BlackElo "2195"]
[PlyCount "84"]
[EventDate "2002.09.28"]
[EventType "swiss"]
[EventRounds "9"]
[EventCountry "IOM"]
[SourceTitle "BritBase"]
[SourceDate "2008.07.14"]
[SourceVersion "1"]
[SourceVersionDate "2008.07.14"]
[SourceQuality "2"]

1. e4 c5 2. c3 d5 3. exd5 Qxd5 4. d4 e6 5. Nf3 Nf6 6. Be2 Be7 7. O-O O-O 8. Be3
cxd4 9. cxd4 Nc6 10. Nc3 Qf5 11. Nh4 Qa5 12. g3 Nb4 13. Ng2 Bd7 14. Bf3 Nbd5
15. Qd3 Bc6 16. Bd2 Nb4 17. Qe2 Nc2 18. Be3 Nxa1 19. Rxa1 Rac8 20. Ne1 Bb4 21.
Bd2 Nd5 22. Nxd5 Bxd5 23. Bxd5 exd5 24. Bf4 Rfe8 25. Be3 Bxe1 26. Rxe1 Qxa2 27.
Kg2 Qc4 28. Qg4 Qd3 29. Qd7 Qe4+ 30. Kg1 Qe7 31. Qxd5 Qb4 32. Re2 Qa4 33. Re1
b6 34. h4 Rcd8 35. Qf3 Rxd4 36. Bxd4 Rxe1+ 37. Kg2 Qe8 38. Be3 h6 39. Qf5 Qc6+
40. Kh3 g6 41. Qe5 h5 42. Qb8+ Kh7 0-1

[Event "Monarch Assurance Isle of Man 11th"]
[Site "Port Erin IOM"]
[Date "2002.10.05"]
[Round "8.27"]
[White "Fox, Anthony"]
[Black "Purton, Ben"]
[Result "1/2-1/2"]
[WhiteElo "2142"]
[BlackElo "2067"]
[PlyCount "59"]
[EventDate "2002.09.28"]
[EventType "swiss"]
[EventRounds "9"]
[EventCountry "IOM"]
[SourceTitle "BritBase"]
[SourceDate "2008.07.14"]
[SourceVersion "1"]
[SourceVersionDate "2008.07.14"]
[SourceQuality "2"]

1. e4 c5 2. Nc3 Nc6 3. g3 g6 4. Bg2 Bg7 5. d3 e6 6. Be3 d6 7. Qd2 Rb8 8. Nf3 e5
9. O-O Nge7 10. Bh6 O-O {(=)} 11. Bxg7 Kxg7 12. Nh4 f5 13. f4 exf4 14. gxf4 Be6
15. Rae1 Bg8 16. Nf3 d5 {(=)} 17. exd5 Nxd5 18. Ng5 Nc7 19. Nf3 b6 20. Ne5 Qd4+
21. Kh1 Nxe5 22. Rxe5 Rbe8 23. Ree1 {(=)} Nd5 24. Nxd5 Bxd5 25. Qc3 Qxc3 26.
bxc3 Bxg2+ 27. Kxg2 Kf6 28. c4 h6 29. h4 Rg8 30. Kf3 1/2-1/2

[Event "Monarch Assurance Isle of Man 11th"]
[Site "Port Erin IOM"]
[Date "2002.10.05"]
[Round "8.28"]
[White "Bennion, David A"]
[Black "Lutton, E Josiah"]
[Result "1-0"]
[WhiteElo "2060"]
[BlackElo "2045"]
[PlyCount "43"]
[EventDate "2002.09.28"]
[EventType "swiss"]
[EventRounds "9"]
[EventCountry "IOM"]
[SourceTitle "BritBase"]
[SourceDate "2008.07.14"]
[SourceVersion "1"]
[SourceVersionDate "2008.07.14"]
[SourceQuality "2"]

1. e4 e6 2. d4 d5 3. Nd2 Nf6 4. Bd3 dxe4 5. Nxe4 Nbd7 6. Nf3 Nxe4 7. Bxe4 Nf6
8. Bd3 c5 9. O-O cxd4 10. Nxd4 Bc5 11. Be3 Nd5 12. Qg4 Nxe3 13. fxe3 g6 14.
Bb5+ Bd7 15. Nxe6 Qe7 16. Nc7+ Kd8 17. Rad1 f5 18. Qa4 Qxe3+ 19. Kh1 Kxc7 20.
Rxd7+ Kb8 21. Ba6 Qe4 22. Qxe4 1-0

[Event "Monarch Assurance Isle of Man 11th"]
[Site "Port Erin IOM"]
[Date "2002.10.05"]
[Round "8.29"]
[White "Waugh, Jonathon C"]
[Black "Hanley, James"]
[Result "1-0"]
[WhiteElo "1930"]
[BlackElo "1990"]
[PlyCount "71"]
[EventDate "2002.09.28"]
[EventType "swiss"]
[EventRounds "9"]
[EventCountry "IOM"]
[SourceTitle "BritBase"]
[SourceDate "2008.07.14"]
[SourceVersion "1"]
[SourceVersionDate "2008.07.14"]
[SourceQuality "2"]

1. e4 c5 2. Nc3 Nc6 3. d3 g6 4. g3 Bg7 5. Bg2 d6 6. Be3 Nf6 7. h3 O-O 8. Qd2
Nd4 9. Nd1 Nc6 10. c3 Rb8 11. Bh6 e6 12. Bxg7 Kxg7 13. Ne2 Ng8 14. O-O Nge7 15.
Ne3 e5 16. d4 exd4 17. cxd4 Kg8 18. d5 Nb4 19. a3 Na6 20. f4 Qc7 21. f5 f6 22.
g4 g5 23. Rac1 Bd7 24. e5 fxe5 25. Nc4 h6 26. h4 b5 27. hxg5 bxc4 28. gxh6 Kh7
29. Qg5 Rf7 30. Be4 Rg8 31. Qh5 Rff8 32. f6+ Kh8 33. fxe7 Rxf1+ 34. Rxf1 Bxg4
35. Qf7 Bh5+ 36. Qxg8+ 1-0

[Event "Monarch Assurance Isle of Man 11th"]
[Site "Port Erin IOM"]
[Date "2002.10.05"]
[Round "8.30"]
[White "Cross, Glenn"]
[Black "Kelly, David"]
[Result "0-1"]
[WhiteElo "1992"]
[BlackElo "1860"]
[PlyCount "78"]
[EventDate "2002.09.28"]
[EventType "swiss"]
[EventRounds "9"]
[EventCountry "IOM"]
[SourceTitle "BritBase"]
[SourceDate "2008.07.14"]
[SourceVersion "1"]
[SourceVersionDate "2008.07.14"]
[SourceQuality "2"]

1. d4 Nf6 2. c4 c5 3. Nf3 cxd4 4. Nxd4 e5 5. Nb3 d5 6. cxd5 Qxd5 7. Qxd5 Nxd5
8. e4 Nf6 9. f3 Be6 10. N1d2 Nc6 11. a3 a5 12. Rb1 a4 13. Na1 Ba2 14. Nc2 Bxb1
15. Nxb1 Bc5 16. Nc3 Bd4 17. Nxd4 Nxd4 18. Kf2 O-O 19. Be3 Rfd8 20. Bc4 Rac8
21. Ba2 Nc2 22. Bc1 Nxa3 23. Nxa4 b5 24. Nb6 Rc5 25. Nd5 Nxd5 26. Bxd5 Rc2+ 27.
Kg3 Rdc8 28. Bg5 Rxb2 29. Be7 Rb1 30. Rxb1 Nxb1 31. Bd6 Nc3 32. Bb7 Re8 33. Bb4
Rb8 34. Bc6 Na2 35. Ba3 b4 36. Bb2 Nc3 37. f4 Rb6 38. Bd5 Nxd5 39. exd5 Rd6 0-1

[Event "Monarch Assurance Isle of Man 11th"]
[Site "Port Erin IOM"]
[Date "2002.10.05"]
[Round "8.31"]
[White "Shepherd, Michael"]
[Black "Ormsby, Alan"]
[Result "1/2-1/2"]
[WhiteElo "2071"]
[BlackElo "2069"]
[PlyCount "80"]
[EventDate "2002.09.28"]
[EventType "swiss"]
[EventRounds "9"]
[EventCountry "IOM"]
[SourceTitle "BritBase"]
[SourceDate "2008.07.14"]
[SourceVersion "1"]
[SourceVersionDate "2008.07.14"]
[SourceQuality "2"]

1. d4 d5 2. c4 c6 3. Nf3 Nf6 4. Nc3 dxc4 5. a4 Bf5 6. e3 e6 7. Bxc4 Bb4 8. O-O
Nbd7 9. Qe2 O-O 10. Ne5 Nxe5 11. dxe5 Nd7 12. f4 Bxc3 13. bxc3 Qa5 14. e4 Bg4
15. Qxg4 Qc5+ 16. Kh1 Qxc4 17. Ba3 Nc5 18. Bxc5 Qxc5 19. Rf3 Rad8 20. Rh3 Qc4
21. f5 exf5 22. Qh5 h6 23. exf5 Rd3 24. f6 Qxc3 25. Rxd3 Qxa1+ 26. Rd1 Qxa4 27.
fxg7 Kxg7 28. Qf3 Qh4 29. h3 Re8 30. Rf1 Qe7 31. Qf4 Qe6 32. Rf3 Kh7 33. Qxf7+
Qxf7 34. Rxf7+ Kg6 35. Rxb7 a5 36. Rb6 Rxe5 37. Rxc6+ Kg5 38. Ra6 h5 39. g3 Rb5
40. Kg2 Rf5 1/2-1/2

[Event "Monarch Assurance Isle of Man 11th"]
[Site "Port Erin IOM"]
[Date "2002.10.06"]
[Round "9.1"]
[White "Dautov, Rustem"]
[Black "Epishin, Vladimir"]
[Result "1/2-1/2"]
[WhiteElo "2617"]
[BlackElo "2643"]
[PlyCount "133"]
[EventDate "2002.09.28"]
[EventType "swiss"]
[EventRounds "9"]
[EventCountry "IOM"]
[SourceTitle "BritBase"]
[SourceDate "2008.07.14"]
[SourceVersion "1"]
[SourceVersionDate "2008.07.14"]
[SourceQuality "2"]

1. d4 Nf6 2. c4 e6 3. Nc3 Bb4 4. Qc2 O-O 5. a3 Bxc3+ 6. Qxc3 b6 7. Bg5 Bb7 8.
Nf3 d6 9. Nd2 Nbd7 10. f3 c5 11. e4 Re8 12. Bd3 Qc7 13. O-O cxd4 14. Qxd4 Qc5
15. Qxc5 bxc5 16. b4 h6 17. Be3 d5 18. cxd5 exd5 19. bxc5 dxe4 20. Nxe4 Nxe4
21. fxe4 Ne5 22. Bb5 Bc6 23. a4 a6 24. Be2 Bxe4 25. Rfd1 Nc6 26. Rd6 Nb4 27.
Bd2 a5 28. Bb5 Re6 29. Re1 Bf5 30. Rexe6 Bxe6 31. Be3 Rc8 32. Kf2 Bd5 33. g3
Kf8 34. Ke2 Bc6 35. Kd2 Ke7 36. Bd4 f6 37. Kc3 Rc7 38. Kc4 Bg2 39. Kb3 Bf3 40.
Kc3 h5 41. Bf2 Nd5+ 42. Kc4 Nb4 43. Rd2 Nc6 44. Rd6 Nb4 45. Be3 Be2+ 46. Kb3
Bf3 47. Rd2 Bd5+ 48. Kb2 Ke6 49. Rf2 Rb7 50. Kc3 Bc6 51. Kc4 Bd5+ 52. Kd4 Bc6
53. Kc4 Bd5+ 54. Kc3 Bc6 55. Bxc6 Nxc6 56. Rd2 Ne5 57. Rd6+ Kf5 58. Rb6 Rd7 59.
Bd4 Rc7 60. Rb5 Nc6 61. Kc4 Re7 62. Kd5 Re6 63. Rb6 Ne7+ 64. Kc4 Re2 65. Rb2
Re4 66. Kd3 Rg4 67. Rb7 1/2-1/2

[Event "Monarch Assurance Isle of Man 11th"]
[Site "Port Erin IOM"]
[Date "2002.10.06"]
[Round "9.2"]
[White "Neverov, Valery"]
[Black "Fridman, Daniel"]
[Result "1/2-1/2"]
[WhiteElo "2587"]
[BlackElo "2577"]
[PlyCount "75"]
[EventDate "2002.09.28"]
[EventType "swiss"]
[EventRounds "9"]
[EventCountry "IOM"]
[SourceTitle "BritBase"]
[SourceDate "2008.07.14"]
[SourceVersion "1"]
[SourceVersionDate "2008.07.14"]
[SourceQuality "2"]

1. d4 d5 2. c4 c6 3. Nc3 Nf6 4. Nf3 e6 5. Bg5 h6 6. Bxf6 Qxf6 7. Qb3 dxc4 8.
Qxc4 Nd7 9. Rd1 g6 10. g3 Bg7 11. Bh3 O-O 12. O-O Qe7 13. Rd2 Nb6 14. Qb3 e5
15. Bxc8 exd4 16. Bxb7 dxc3 17. Bxa8 cxd2 18. Bxc6 Qxe2 19. Rd1 Rc8 20. Rxd2
Qc4 21. Bb5 Qxb3 22. axb3 Bf6 23. Kg2 Kg7 24. Ne1 Rd8 25. Nd3 Rd5 26. Ba6 Rd6
27. Re2 Nd5 28. Bb5 Nb4 29. Nxb4 Rb6 30. Nd3 Rxb5 31. b4 Rd5 32. Re3 Rd4 33.
Kf1 Kf8 34. Ke2 Be7 35. b5 Bd6 36. Kd2 Rd5 37. Re4 Rxb5 38. Ra4 1/2-1/2

[Event "Monarch Assurance Isle of Man 11th"]
[Site "Port Erin IOM"]
[Date "2002.10.06"]
[Round "9.3"]
[White "Welling, Gerard"]
[Black "Sulskis, Sarunas"]
[Result "0-1"]
[WhiteElo "2393"]
[BlackElo "2577"]
[PlyCount "78"]
[EventDate "2002.09.28"]
[EventType "swiss"]
[EventRounds "9"]
[EventCountry "IOM"]
[SourceTitle "BritBase"]
[SourceDate "2008.07.14"]
[SourceVersion "1"]
[SourceVersionDate "2008.07.14"]
[SourceQuality "2"]

1. e4 c5 2. Nc3 e6 3. Nge2 d5 4. exd5 exd5 5. d4 Nc6 6. Be3 c4 7. g3 Bb4 8. Bg2
h6 9. O-O Nf6 10. a3 Bxc3 11. Nxc3 O-O 12. Qd2 Bf5 13. Rfe1 Ne4 14. Nxe4 Bxe4
15. f3 Bf5 16. Bf2 Qd7 17. b3 Bh3 18. Bxh3 Qxh3 19. bxc4 dxc4 20. Qc3 Qf5 21.
Qxc4 Qxf3 22. d5 Na5 23. Qb5 b6 24. c4 Qd3 25. Rac1 Nb3 26. Red1 Nxc1 27. Rxd3
Nxd3 28. Bd4 Rfe8 29. d6 Rad8 30. c5 Nxc5 31. Bxc5 Re5 32. Qa6 Rxc5 33. Qxa7
Rc6 34. d7 Rd6 35. a4 R8xd7 36. Qa6 g5 37. Kf2 Kg7 38. Kf3 f5 39. a5 Rd2 0-1

[Event "Monarch Assurance Isle of Man 11th"]
[Site "Port Erin IOM"]
[Date "2002.10.06"]
[Round "9.5"]
[White "Felgaer, Ruben"]
[Black "Hebden, Mark"]
[Result "1/2-1/2"]
[WhiteElo "2528"]
[BlackElo "2534"]
[PlyCount "42"]
[EventDate "2002.09.28"]
[EventType "swiss"]
[EventRounds "9"]
[EventCountry "IOM"]
[SourceTitle "BritBase"]
[SourceDate "2008.07.14"]
[SourceVersion "1"]
[SourceVersionDate "2008.07.14"]
[SourceQuality "2"]

1. e4 e5 2. Nf3 Nc6 3. Bc4 Nf6 4. d3 Be7 5. O-O O-O 6. Re1 d6 7. a4 Kh8 8. c3
Ng8 9. d4 Bg4 10. dxe5 Nxe5 11. Be2 Bxf3 12. Bxf3 Bg5 13. Be2 Bxc1 14. Qxc1 Qh4
15. Nd2 Rae8 16. g3 Qh3 17. f4 Ng4 18. Bxg4 Qxg4 19. Qd1 Qh3 20. Qf3 Re7 21.
Re2 Rfe8 1/2-1/2

[Event "Monarch Assurance Isle of Man 11th"]
[Site "Port Erin IOM"]
[Date "2002.10.06"]
[Round "9.6"]
[White "Ward, Chris"]
[Black "Stocek, Jiri"]
[Result "1/2-1/2"]
[WhiteElo "2498"]
[BlackElo "2555"]
[PlyCount "82"]
[EventDate "2002.09.28"]
[EventType "swiss"]
[EventRounds "9"]
[EventCountry "IOM"]
[SourceTitle "BritBase"]
[SourceDate "2008.07.14"]
[SourceVersion "1"]
[SourceVersionDate "2008.07.14"]
[SourceQuality "2"]

1. d4 e6 2. c4 Nf6 3. Nc3 Bb4 4. Qc2 O-O 5. e4 d6 6. e5 dxe5 7. dxe5 Ng4 8. Nf3
Nc6 9. Bf4 f6 10. Bd3 Ngxe5 11. Bxe5 fxe5 12. O-O-O Qf6 13. Bxh7+ Kh8 14. Be4
Nd4 15. Nxd4 exd4 16. Nb5 c6 17. Nxd4 Qxf2 18. Qd3 e5 19. Nc2 Be7 20. Rhf1 Qh4
21. Rxf8+ Bxf8 22. g3 Qg5+ 23. Qe3 Be7 24. h4 Qh6 25. Qxh6+ gxh6 26. Ne3 Kg7
27. Kc2 Bc5 28. Nf5+ Bxf5 29. Bxf5 Bd4 30. g4 Rf8 31. Rf1 e4 32. Rf4 Re8 33.
Rxe4 Rxe4 34. Bxe4 Bf6 35. Bf5 Bxh4 36. Bc8 b6 37. Bb7 c5 38. Kb3 Bf6 39. Ka3
Kg6 40. b3 Kg5 41. Bc8 Kf4 1/2-1/2

[Event "Monarch Assurance Isle of Man 11th"]
[Site "Port Erin IOM"]
[Date "2002.10.06"]
[Round "9.7"]
[White "Zapata, Alonso"]
[Black "Grunberg, Mihai"]
[Result "1/2-1/2"]
[WhiteElo "2549"]
[BlackElo "2445"]
[PlyCount "65"]
[EventDate "2002.09.28"]
[EventType "swiss"]
[EventRounds "9"]
[EventCountry "IOM"]
[SourceTitle "BritBase"]
[SourceDate "2008.07.14"]
[SourceVersion "1"]
[SourceVersionDate "2008.07.14"]
[SourceQuality "2"]

1. e4 Nf6 2. e5 Nd5 3. d4 d6 4. Nf3 dxe5 5. Nxe5 c6 6. Nd2 Nd7 7. Ndf3 Nxe5 8.
Nxe5 Bf5 9. Qf3 e6 10. Bd2 Qb6 11. O-O-O Qxd4 12. Bd3 Ba3 13. Nc4 Bxd3 14. Nxa3
Bf5 15. c4 Bg4 16. Qg3 Bxd1 17. Rxd1 O-O-O 18. Bg5 Qc5 19. Bxd8 Rxd8 20. Qxg7
Nb4 21. Rxd8+ Kxd8 22. Qxf7 Qg5+ 23. f4 Nd3+ 24. Kc2 Nxf4 25. g3 Ne2 26. Qxb7
Qe3 27. Qb8+ Kd7 28. Kd1 Qd3+ 29. Ke1 Nd4 30. Qxa7+ Kc8 31. Qa8+ Kd7 32. Qb7+
Kd8 33. Qb8+ 1/2-1/2